| Поле | Название | Значение |
| |
Тип записи |
a |
| |
Библиографический уровень |
m |
| 001 |
Контрольный номер |
RU\infra-m\znanium\bibl\2214240 |
| 005 |
Дата корректировки |
20260429142113.7 |
| 008 |
Кодируемые данные |
250612s2025 RU g rus u |
| 020 |
Индекс ISBN |
__ |
| a |
ISBN |
978-5-7924-2056-4 |
| 040 |
Источник каталогиз. |
__ |
| a |
Служба первич. каталог. |
Общество с ограниченной ответственностью «ЗНАНИУМ» |
| 041 |
Код языка издания |
__ |
| a |
Код языка текста |
rus |
| 044 |
Код страны публикации |
__ |
| a |
Код страны публикации |
RU |
| 080 |
Индекс УДК |
__ |
| a |
Индекс УДК |
796 |
| 084 |
Индекс другой классификации/Индекс ББК |
__ |
| 2 |
Источник индекса |
rubbk |
| a |
Индекс другой классификации/Индекс ББК |
75 |
| 084 |
Индекс другой классификации/Индекс ББК |
__ |
| 2 |
Источник индекса |
okso |
| a |
Индекс другой классификации/Индекс ББК |
00.03.14 |
| 084 |
Индекс другой классификации/Индекс ББК |
__ |
| 2 |
Источник индекса |
okso |
| a |
Индекс другой классификации/Индекс ББК |
00.05.14 |
| 084 |
Индекс другой классификации/Индекс ББК |
__ |
| 2 |
Источник индекса |
okso |
| a |
Индекс другой классификации/Индекс ББК |
00.05.17 |
| 100 |
Автор |
__ |
| a |
Автор |
Пурахина О.В. |
| q |
Полное имя |
Пурахина Оксана Владимировна |
| u |
Дополнение |
Саратовская государственная юридическая академия |
| 245 |
Заглавие |
__ |
| a |
Заглавие |
Методика подготовки к сдаче нормативов по физической подготовке при поступлении в военный учебный центр |
| b |
Продолж. заглавия |
Учебно-методическая литература |
| c |
Ответственность |
Саратовская государственная юридическая академия |
| 250 |
Сведения об издании |
__ |
| a |
Основные сведения об издании |
1 |
| 260 |
Выходные данные |
__ |
| a |
Место издания |
Саратов |
| b |
Издательство |
Саратовская государственная юридическая академия |
| c |
Дата издания |
2024 |
| 300 |
Физическое описание |
__ |
| a |
Объем |
125 с. |
| 520 |
Аннотация |
__ |
| a |
Аннотация |
Учебно-методическое пособие посвящено методике подготовки к сдаче нормативов по физической подготовке при поступлении в военный учебный центр. В нем представлена информация о нормативно-правовой базе военного учебного центра (ВУЦ) требованиях к гражданам при поступлении в ВУЦ перспективах дальнейшей социализации после обучения в ВУЦ. Пособие содержит теоретические сведения о принципах средствах и методах развития физических качеств методику занятий и комплексы упражнений по развитию силовых и скоростных способностей выносливости методику самоконтроля рекомендации по технике бега и советы для начинающих подготовку к сдаче нормативов. Предназначено для обучающихся вузов. |
| 521 |
Примеч. о цел. назн. |
__ |
| a |
Примеч. о целев. назн. |
ВО - Бакалавриат |
| 650 |
Тематические рубрики |
__ |
| a |
Основная рубрика |
Спорт. Самооборона. Физкультура |
| x |
Основная подрубрика |
Физкультура |
| 655 |
Указ. предметных рубрик (устаревшее) |
__ |
| a |
Жанр/ форма (устаревшее) |
Учебно-методическая литература |
| 700 |
Другие авторы |
__ |
| a |
Другие авторы |
Шитов Д.Г. |
| q |
Полное имя |
Шитов Денис Геннадьевич |
| u |
Дополнение |
Саратовская государственная юридическая академия |
| 700 |
Другие авторы |
__ |
| a |
Другие авторы |
Илюшин А.М. |
| q |
Полное имя |
Илюшин Алексей Максимович |
| u |
Дополнение |
Саратовская государственная юридическая академия |
| 856 |
Электронный адрес документа |
4_ |
| a |
Имя сервера/домена |
znanium.ru |
| m |
Помощь |
ebs_support@infra-m.ru |
| n |
Местонахождение сервера |
НИЦ ИНФРА-М |
| u |
URL |
https://znanium.ru/catalog/document?id=465972 |
| 856 |
Электронный адрес документа |
48 |
| a |
Имя сервера/домена |
znanium.ru |
| d |
Путь |
/cover/2214 |
| f |
Электронное имя |
2214240.jpg |
| q |
Тип электронного формата |
image/jpeg |
| u |
URL |
https://znanium.ru/cover/2214/2214240.jpg |
| 911 |
|
__ |
| u |
|
0030=https://znanium.ru/catalog/document?id=465972 |